Las matemáticas aplicadas al estudio de fenómenos económicos (Record no. 136623)

MARC details
000 -LEADER
campo de control de longitud fija 00695nam a2200193 4500
001 - NÚMERO DE CONTROL
campo de control 136623
003 - IDENTIFICADOR DE NÚMERO DE CONTROL
campo de control ES-MaACL
005 - FECHA Y HORA DE LA ÚLTIMA TRANSACCIÓN
campo de control 20230906195202.0
007 - CAMPO FIJO DE DESCRIPCIÓN FÍSICA--INFORMACIÓN GENERAL
campo de control de longitud fija t|
008 - DATOS DE LONGITUD FIJA--INFORMACIÓN GENERAL
campo de control de longitud fija 070214s1914 sp r ||||1| spa d
100 1# - ENTRADA PRINCIPAL--NOMBRE DE PERSONA
Nombre de persona Sáez Muñoz, Guillermo.
9 (RLIN) 220255
245 14 - MENCIÓN DEL TÍTULO
Título Las matemáticas aplicadas al estudio de fenómenos económicos
Resto del título : discurso leído en la inaguración del curso académico de 1914 á 1915 /
Mención de responsabilidad, etc. Guillermo Sèz Muñoz.
260 ## - PUBLICACIÓN, DISTRIBUCIÓN, ETC.
Lugar de publicación, distribución, etc. Salamanca :
Nombre del editor, distribuidor, etc. Francisco Nuñez Izquierdo,
Fecha de publicación, distribución, etc. 1914.
300 ## - DESCRIPCIÓN FÍSICA
Extensión 24 p. ;
Dimensiones 29 cm.
500 ## - NOTA GENERAL
Nota general Precede al Tit : Universidad de Salamanca.
710 2# - ENTRADA AGREGADA--NOMBRE DE ENTIDAD CORPORATIVA
Nombre de entidad corporativa o nombre de jurisdicción como elemento de entrada Universidad de Salamanca.
9 (RLIN) 7275
852 ## - LOCALIZACIÓN
Ubicación ES-MaACL
Número de control de estantería T-1418-F-3
Holdings
Estatus retirado Estado de pérdida Estado de daño No para préstamo Colección Biblioteca de origen Biblioteca actual Ubicación en estantería Fecha de adquisición Fuente de adquisición Total de préstamos Signatura topográfica completa Código de barras Visto por última vez Precio de reemplazo Tipo de ítem Koha
        Colección de folletos Biblioteca del Ateneo de Madrid Biblioteca del Ateneo de Madrid Depósito folletos 17/01/2008     T-1418-F-3 1142186 23/02/2023 23/02/2023 Folleto